02939nam a2200277 a 4500001000200000003000900002005001700011008003100028020001500059040002500074082002600099245013900125260008100264300002100345500007000366504007300436504002800509505179900537650005202336650005302388650003302441650006102474650004702535700003402582710004502616 DO-SdBNP20221005124638.0100201s2003 ve 000 0 spa d a9803172034 aDO-SdBNPbspacBPMSU 4a364.98bE61c 200322214aEntre el crimen y el castigo : bseguridad ciudadana y control democrático en América Latina y el Caribe / ceditora Lilian Bobea  aCaracas, Venezuela :bFLACSO,Programa República Dominicana,c2003b b b  a374 p. ;c23 cm. aIncluye datos biográficos del autor en la solapa de la cubierta aIncluye referencias bilbiográficas y notas al pie de las páginas aIncluye bibliografías0 a Perfil actual de la seguridad ciudadana e impacto en la gobernabilidad democrática. Aportes desde Latinoamérica / Joseph Tulchin, Graig Fagan ; La seguridad ciudadana en América Latina : marco teórico y conceptual / José María Rico ; De la violencia urbana a la convivencia ciudadana / Fernando Carrión ; Policiamiento comunitario en Argentina, Brasil y Chile : lecciones de una experiencia incipiente / Catalina Smulovitz ; Dinámicas de la violencia en Venezuela : tensiones y desafíos para la consolidación de la democracia / Ana María Sanjuán ; Desmilitarizar para democratizar : una aproximación al tema de la seguridad ciudadana en Guatemala / Alexander Sequén-Monchéz ; La criminalidad en Cuba / Guillermo C. Milán Acosta ; Economía política de la inseguridad y desafíos a las políticas de seguridad ciudadana en la República Dominicana : cero tolerancia bajo la mirilla / Lilian Bobea ; Políticas de otredad : criminales, miedos y promesas de orden en el Puerto Rico contemporáneo / Alfredo Carrasquillo Ramírez ; El sostenimiento de las reformas de la policia en Centroamérica : un análisis comparativo de los desafíos / Rachel Neild ; Marcos jurídicos e institucionales de la seguridad ciudadana en la República Dominicana / Félix Damián Olivares Grullón ; Inquisición policial: inseguridad ofrecida por el Estado al ciudadano brasileño / Jorge Zaverucha ; Las sanciones sustitutivas y elÇontrol social. Una mirada desde el entorno cubano / Arlin Pérez Duharte ; Sujetos en riesgo: un acercamiento al mundo de la juventud urbana marginada involucrada en problemas delictivos en Santo Domingo / Fabio Abreu ; Factores coadyuvantes a las reformas al sistema criminal en América Latina y el Caribe / Lilian Bobea. 4aPrevención del delitoz América Latina.v  4aPrevención del delito zCaribe (Región)v .  4aPolicíazCaribe (Región) 4aDelitos contra la seguridad públicazCaribe (Región) 4aViolenciaxPrevenciónzCaribe (Región)1 aGonzález Ruiz, Carlos,eed.2 aFLACSO Programa (República Dominicana)